Statistics for Type the word fast

Click here to take the quiz!

General Stats

  • This quiz has been taken 58 times
  • The average score is 73 of 120

Answer Stats

WordType% Correct
EvilEvil
100%
BillionaireBillionaire
98%
ClothesClothes
98%
BiteBite
95%
DanceDance
95%
DreamDream
95%
GreenGreen
95%
HabitatHabitat
95%
JackfruitJackfruit
95%
LogoLogo
95%
LoudLoud
95%
NephewNephew
95%
PassionPassion
95%
PlayPlay
95%
QuizQuiz
95%
ScreamScream
95%
SingleSingle
95%
SparkleSparkle
95%
UncleUncle
95%
AmazingAmazing
93%
ArcheryArchery
93%
BringBring
93%
ConsoleConsole
93%
DryDry
93%
JetpunkJetpunk
93%
MemberMember
93%
AntonymAntonym
90%
ApostropheApostrophe
90%
ChocolateChocolate
90%
MountainMountain
90%
SeriousSerious
90%
SpiritSpirit
90%
SplashSplash
90%
SportSport
90%
BlowBlow
88%
BorderBorder
88%
DieDie
88%
GreedyGreedy
88%
LieLie
88%
ChangeChange
85%
ChickChick
85%
ExplodeExplode
85%
MarkMark
85%
OutOut
85%
SaysSays
85%
WetWet
85%
BatteryBattery
80%
LightLight
80%
FemaleFemale
78%
MetalMetal
78%
PaperPaper
78%
ScrapScrap
78%
NaturalNatural
76%
FormForm
73%
KeyboardKeyboard
73%
OccurOccur
73%
SplitSplit
73%
NumberNumber
71%
YourYour
71%
StrategyStrategy
68%
CityCity
66%
CorrectCorrect
66%
IncreaseIncrease
66%
MinusMinus
66%
FloorsFloors
61%
BeautifulBeautiful
54%
SceneScene
54%
ViewView
54%
PerfectPerfect
51%
PoemPoem
51%
BoringBoring
49%
HelpHelp
49%
TargetTarget
49%
WriteWrite
49%
BalanceBalance
46%
DangerDanger
46%
NeverNever
46%
NoneNone
46%
ThrowThrow
46%
ProudProud
44%
BonkersBonkers
41%
FreeFree
41%
SavannaSavanna
41%
ChineseChinese
39%
GreatGreat
39%
BackBack
37%
BeganBegan
37%
DoneDone
37%
HyenaHyena
37%
RollRoll
37%
StyleStyle
37%
WayWay
37%
TowardsTowards
34%
PositionPosition
32%
ChainChain
24%
CheckCheck
24%
ContinueContinue
24%
EatEat
24%
GrammarGrammar
24%
SoupSoup
24%
BlankBlank
17%
DrinkDrink
17%
EnergyEnergy
17%
LeftLeft
17%
TowerTower
17%
BehindBehind
15%
BlobBlob
15%
PondPond
15%
QuackQuack
15%
RobinRobin
15%
TakesTakes
15%
WorkWork
15%
PointPoint
12%
SharpSharp
12%
MatchMatch
10%
SnapSnap
10%
BananaBanana
7%
ClubClub
7%
DayDay
7%
JoinJoin
7%

Score Distribution

Percentile by Number Answered

Percent of People with Each Score

Your Score History

You have not taken this quiz